000 00540nam a2200181 a 4500
001 000009169
005 20240412074210.0
008 090928s1948 dr 000 0 spa d
040 _aDO-SdBNP
082 _aRD861.42
_bC468c
100 1 _aChapuseaux Alvarez, Adalberto
_923841
245 1 0 _aCrisálidas /
_cAdalberto Chapuseaux Alvarez.
260 _aCiudad Trujillo, República Dominicana, :
_bMontalvo,
_c1948.
300 _a151 p. ;
_c24 cm.
650 0 _aPoesía dominicana
_966
650 0 _aLiteratura dominicana.
_967
049 _aBNPD
999 _c8933
_d8933